000 00366nam a22001691c 4500
001 a00819
008 051003s1987 gw |||| 000u rus d
041 _arus
100 1 _aKuznecov, Nikolaj G.
245 0 0 _aKursom k pobede
264 _aMoskva,
_c1987
650 0 _aMarine
651 0 _aSowjetunion
942 _cMG
040 _cRU-10907106
003 RU-10907106
999 _c1416
_d1416